| 000 | 00702nam a2200265Ia 4500 | ||
|---|---|---|---|
| 001 | Para_4293 | ||
| 003 | CHAP | ||
| 008 | 220125s1930 xx 000 0 und d | ||
| 010 | _a202820 | ||
| 040 | _cCHAP | ||
| 090 | _aPA FOLLETO 1578 | ||
| 100 |
_aGriffiths, David _950694 |
||
| 245 |
_aDaffodils / _c David Griffiths |
||
| 260 |
_aWashington : _b Department of Agriculture |
||
| 300 | _a74 p. | ||
| 440 |
_aEUA. Department of Agriculture. Circular; 122 _9168235 |
||
| 650 |
_aNarcisos _980218 |
||
| 901 | _aPA FOLLETO 1578 | ||
| 902 | _aA | ||
| 905 | _a0000001930 WASa 0000000000 00 | ||
| 910 | _a1930 | ||
| 942 | _cPARA | ||
| 942 |
_cPARA _d1 |
||
| 999 |
_c202820 _d202820 |
||